Catálogo
 En Linea

Celinés : (Registro nro. 60733)

Detalles MARC
000 -CABECERA
campo de control de longitud fija 01547nam a2200265 i 4500
003 - IDENTIFICADOR DEL NÚMERO DE CONTROL
campo de control DO-SdBNP
005 - FECHA Y HORA DE LA ÚLTIMA TRANSACCIÓN
campo de control 20260513150835.0
007 - CAMPO FIJO DE DESCRIPCIÓN FÍSICA--INFORMACIÓN GENERAL
campo de control de longitud fija ta
008 - DATOS DE LONGITUD FIJA--INFORMACIÓN GENERAL
campo de control de longitud fija 260513e2025 dr ||||gr|||||||| | spa d
020 ## - NÚMERO INTERNACIONAL ESTÁNDAR DEL LIBRO
Número Internacional Estándar del Libro 9789945656718
040 ## - FUENTE DE LA CATALOGACIÓN
Centro catalogador/agencia de origen DO-SdBNP
Lengua de catalogación spa
Centro/agencia transcriptor BNPHU
Normas de descripción rda
041 ## - CÓDIGO DE LENGUA
Código de lengua del texto/banda sonora o título independiente spa
082 ## - NÚMERO DE LA CLASIFICACIÓN DECIMAL DEWEY
Número de documento/Ítem Ev92 2025
100 ## - ENTRADA PRINCIPAL--NOMBRE DE PERSONA
Nombre de persona Evangelista de la Cruz, Sicta,
Fechas asociadas al nombre 1967-
9 (RLIN) 89554
Término indicativo de función/relación autor
245 ## - MENCIÓN DE TÍTULO
Título Celinés :
Resto del título andanzas de una mujer visionaria /
Mención de responsabilidad, etc. Sicta Evangelista De La Cruz.
264 ## - PRODUCCIÓN, PUBLICACIÓN, DISTRIBUCIÓN, FABRICACIÓN Y COPYRIGHT
Producción, publicación, distribución, fabricación y copyright Santo Domingo, República Dominicana :
Nombre del de productor, editor, distribuidor, fabricante Santuario,
Fecha de producción, publicación, distribución, fabricación o copyright 2025.
300 ## - DESCRIPCIÓN FÍSICA
Extensión 160 páginas ;
Dimensiones 23.5 x 15 cm.
336 ## - TIPO DE CONTENIDO
Término de tipo de contenido texto
Código de tipo de contenido txt
Fuente rdacontent
337 ## - TIPO DE MEDIO
Nombre/término del tipo de medio sin mediación
Código del tipo de medio n
Fuente rdamedia
338 ## - TIPO DE SOPORTE
Nombre/término del tipo de soporte volumen
Código del tipo de soporte nc
Fuente rdacarrier
500 ## - NOTA GENERAL
Nota general Incluye biografía de la autora en solapa.
520 ## - SUMARIO, ETC.
Sumario, etc. La historia de Celinés comienza en una madrugada de abril, en un humilde rancho donde la vida se abría paso entre la pobreza y la esperanza. Criada por Mon y Pancha en el campo dominicano, su infancia estuvo marcada por el trabajo duro, la escasez y los sueños aparentemente inalcanzables, como el de volar en avión y recorrer el mundo. A través de mudanzas forzadas, jornadas de cosecha, trueques y esfuerzos comunitarios, Celinés creció con una visión clara: superar las limitaciones que la rodeaban. Su paso por la escuela estuvo lleno de retos, desde estudiar con uniformes distintos a los de sus compañeros hasta enfrentarse a la falta de recursos para continuar una carrera universitaria.
590 ## - NOTA LOCAL (RLIN)
Nota local Inventariado, 2026/WG.
942 ## - ELEMENTOS DE PUNTO DE ACCESO ADICIONAL (KOHA)
Fuente del sistema de clasificación o colocación Dewey Decimal Classification
Tipo de ítem Koha Libro
Existencias
Estado de retiro Estado de pérdida Fuente del sistema de clasificación o colocación Restricciones de uso No para préstamo Código de colección Localización permanente Ubicación/localización actual Ubicación en estantería Fecha de adquisición Total de préstamos Signatura topográfica completa Código de barras Fecha visto por última vez Precio válido a partir de Tipo de ítem Koha Número de copia
    Dewey Decimal Classification Excluido de préstamo   Patrimonio Dominicano Biblioteca Nacional Pedro Henríquez Ureña Biblioteca Nacional Pedro Henríquez Ureña En catalogación 13.05.2026   Ev92C 2025 2026-3848 13.05.2026 13.05.2026 Libro  
    Dewey Decimal Classification Excluido de préstamo   Patrimonio Dominicano Biblioteca Nacional Pedro Henríquez Ureña Biblioteca Nacional Pedro Henríquez Ureña En catalogación 13.05.2026   Ev92C 2025 2026-3849 13.05.2026 13.05.2026 Libro e.2
    Dewey Decimal Classification Excluido de préstamo   Patrimonio Dominicano Biblioteca Nacional Pedro Henríquez Ureña Biblioteca Nacional Pedro Henríquez Ureña En catalogación 13.05.2026   Ev92C 2025 2026-3850 13.05.2026 13.05.2026 Libro e.3

Con tecnología Koha